| 000 | 00507nam a22001931a 4500 | ||
|---|---|---|---|
| 001 | 1052 | ||
| 003 | OSt | ||
| 005 | 20260204211719.0 | ||
| 008 | 040115s1996||||ck ||||||b||||||||||spa|| | ||
| 020 | _a9580426198 | ||
| 050 | _a651.3741 P942o | ||
| 082 | _a651.3741 P942o | ||
| 245 | _aProcedimientos de oficina: una nueva dimensión secretarial | ||
| 264 | _aColombia : Norma | ||
| 300 | _a119 p. | ||
| 650 | _a1.Secretaría-Grupo de Oficina | ||
| 700 | _aGonzález de Ríos, BeatrízÌ | ||
| 942 |
_2ddc _cBK |
||
| 999 |
_c1052 _d1052 |
||